Arquitectura sin riesgos vivienda y urbanismo de comunidades cercadas /

Detalles Bibliográficos
Otros Autores: Mňdez, Eloy (coord.)
Formato: Libro
Lenguaje:español
Publicado: Mx̌ico, D.F. : Plaza y Valdš, 2007
Materias:
Acceso en línea:Acceso restringido

MARC

LEADER 00000nam a22000007a 4500
005 20130712130744.0
007 cr|||| ||||
008 090402s2007 mx |||| |||||0|| 0 spa|c
020 |a 9789707227552 
035 |a 11419 
040 |a vLex 
090 |c 4445  |d 4445 
245 0 0 |a Arquitectura sin riesgos  |h [Recurso electrn̤ico] :  |b vivienda y urbanismo de comunidades cercadas /  |c Eloy Mňdez, coordinador 
256 |a Servicio en ln̕ea 
260 |a Mx̌ico, D.F. :  |b Plaza y Valdš,  |c 2007 
300 |a 1 recurso electrn̤ico 
506 1 |a Contenido solo disponible en los productos indicados  |d vLex Global  |d vLex Global (Academic Edition, excluding Law Schools)  |d vLex Global (U.S. Academic Edition, Law Schools)  |d vLex Global (U.S. Academic Edition, excluding Law Schools)  |d vLex Global (Academic Edition, Law Schools) 
650 0 4 |a Fronteras  |z Mx̌ico 
650 0 4 |a Arquitectura moderna  |y S. XX  |z Mx̌ico 
650 0 4 |a Arquitectura moderna  |y S. XXI  |z Mx̌ico 
650 0 4 |a Areas residenciales  |z Mx̌ico 
650 0 4 |a Barrios perifřicos  |z Mx̌ico 
700 1 |a Mňdez, Eloy,  |e coord. 
740 0 |a vLex Libros (Servicio en ln̕ea) 
856 4 0 |u http://vlex.com/source/arquitectura-sin-riesgos-11419  |z Acceso restringido 
942 |c BOOK 
999 0 |a Boundaries 
999 0 |a Architecture, Modern